000 003330000a22001450004500
003 MACL
040 _aMACL
090 _c33899
_d33897
100 _aHoward, jenna Christen
245 _a101̜23 Release 4.0 For Dos
260 _bPrentice Hall of India
_c1996
350 _a388
650 _aComputer science
942 _cBOOK
_k004/How
999 _c33543
_d33543